[Event "Quebec op U1200"]
[Site "Laval CAN"]
[Date "2022.09.02"]
[Round "3.100"]
[White "Hong, Ethan"]
[Black "Geillon-Barral, Roween"]
[Result "1-0"]
[WhiteElo "1022"]
[BlackElo "1076"]
[PlyCount "89"]
[EventDate "2022.09.01"]
[EventType "swiss"]
[EventRounds "9"]
[EventCountry "CAN"]

1. b4 e5 2. Bb2 Nc6 3. b5 Nd4 4. e3 Nxb5 5. Bxb5 a6 6. Ba4 b5 7. Bb3 Bb7 8. Qh5
Qe7 9. Nf3 Nf6 10. Qxe5 d5 11. Qxe7+ Bxe7 12. d4 c6 13. Ne5 a5 14. a4 b4 15. c3
bxc3 16. Bxc3 Ne4 17. O-O f6 18. f3 Nxc3 19. Nxc3 fxe5 20. dxe5 Ba6 21. Rfb1
Bc5 22. Nd1 Ke7 23. Kf2 d4 24. Rc1 dxe3+ 25. Nxe3 Bd4 26. Ra2 c5 27. f4 Rhf8
28. Kf3 Rab8 29. Bc4 Bb7+ 30. Bd5 Kd7 31. Bxb7 Rxb7 32. Nc2 Rb3+ 33. Ke4 Rc3
34. Ra3 Rxa3 35. Nxa3 Bb2 36. Rd1+ Ke6 37. Nc4 Bc3 38. Rd6+ Ke7 39. g3 Rb8 40.
Rb6 Rd8 41. Rd6 Rb8 42. Kd5 g6 43. e6 Re8 44. Rd7+ Kf6 45. Rf7# 1-0

[Event "Quebec op U1200"]
[Site "Laval CAN"]
[Date "2022.09.03"]
[Round "4.86"]
[White "Chen, Baige"]
[Black "Hasbun, Merick"]
[Result "1-0"]
[WhiteElo "917"]
[BlackElo "1131"]
[PlyCount "50"]
[EventDate "2022.09.01"]
[EventType "swiss"]
[EventRounds "9"]
[EventCountry "CAN"]

1. e4 c6 2. d4 d5 3. exd5 cxd5 4. Bf4 e6 5. Nf3 Nf6 6. Bd3 Nc6 7. c3 Bd6 8. Bg3
Qe7 9. O-O O-O 10. Re1 Qd7 11. Qc2 Bxg3 12. hxg3 Re8 13. Ne5 Nxe5 14. dxe5 Ne4
15. Bxe4 dxe4 16. Qxe4 Qb5 17. Qe2 Bd7 18. Na3 Qxe2 19. Rxe2 Rad8 20. Rd2 Bc6
21. Rad1 Kf8 22. Rxd8 Rxd8 23. Rxd8+ Ke7 24. Rd4 Bd5 25. c4 Bc6 1-0

[Event "Quebec op U1200"]
[Site "Laval CAN"]
[Date "2022.09.03"]
[Round "4.89"]
[White "Claveau, Jean-Michel"]
[Black "Guo, Laura"]
[Result "1-0"]
[WhiteElo "1152"]
[BlackElo "704"]
[PlyCount "111"]
[EventDate "2022.09.01"]
[EventType "swiss"]
[EventRounds "9"]
[EventCountry "CAN"]

1. d4 d5 2. Bf4 Nf6 3. Nf3 e6 4. e3 Be7 5. Bd3 O-O 6. Nbd2 c5 7. c3 Nc6 8. Ne5
Qb6 9. Rb1 Bd6 10. Bg3 Qc7 11. f4 b6 12. O-O Bb7 13. Bb5 Rfd8 14. Bxc6 Bxc6 15.
Nxc6 Qxc6 16. Nf3 Rac8 17. Ne5 Qa8 18. Bh4 Be7 19. a4 a5 20. h3 Qa7 21. Ra1 Ne4
22. Bxe7 Qxe7 23. Qe2 Ng3 24. Qb5 Nxf1 25. Rxf1 Qe8 26. Qxb6 Qxa4 27. dxc5 f6
28. c6 fxe5 29. c7 Rd7 30. fxe5 Rdxc7 31. Qxe6+ Kh8 32. Qxd5 Qc2 33. e6 Qe2 34.
Qe5 Re7 35. Rf7 Rxf7 36. exf7 Qe1+ 37. Kh2 h6 38. Qe7 Qf2 39. Qe8+ Rxe8 40.
fxe8=Q+ Kh7 41. Qe4+ Kh8 42. Qa8+ Kh7 43. Qxa5 Qf6 44. Qb4 Qe5+ 45. Qf4 Qe8 46.
b4 Qb5 47. e4 Qd3 48. e5 Qxc3 49. e6 Qe1 50. Qd6 h5 51. e7 g5 52. b5 Kg7 53.
Qd7 Qe5+ 54. g3 Qe2+ 55. Kh1 Kf7 56. e8=Q+ 1-0

[Event "Quebec op U1200"]
[Site "Laval CAN"]
[Date "2022.09.03"]
[Round "4.93"]
[White "Saillant, Christopher"]
[Black "Nagnibedovsky, Elizabeth"]
[Result "1-0"]
[WhiteElo "1150"]
[BlackElo "732"]
[PlyCount "51"]
[EventDate "2022.09.01"]
[EventType "swiss"]
[EventRounds "9"]
[EventCountry "CAN"]

1. e4 e5 2. Nf3 Nc6 3. Bc4 Bc5 4. c3 Nf6 5. d4 exd4 6. e5 Nxe5 7. Nxe5 Qe7 8.
cxd4 Bb4+ 9. Nc3 d6 10. Qa4+ Bd7 11. Qxb4 dxe5 12. Qxe7+ Kxe7 13. dxe5 Ng4 14.
Nd5+ Kd8 15. Bg5+ f6 16. exf6 gxf6 17. Nxf6 Kc8 18. Nxg4 Bxg4 19. O-O Re8 20.
Rfe1 Rxe1+ 21. Rxe1 Kd7 22. h3 Bh5 23. Re7+ Kc6 24. Rxh7 Bg6 25. Rh6 Rg8 26.
Bxg8 1-0

[Event "Quebec op U1200"]
[Site "Laval CAN"]
[Date "2022.09.03"]
[Round "4.95"]
[White "Arcand, Pierre"]
[Black "Kapsales, Christian"]
[Result "0-1"]
[WhiteElo "1182"]
[BlackElo "873"]
[PlyCount "84"]
[EventDate "2022.09.01"]
[EventType "swiss"]
[EventRounds "9"]
[EventCountry "CAN"]

1. e4 c6 2. Nf3 d5 3. exd5 cxd5 4. Bb5+ Nc6 5. d4 Qa5+ 6. Nc3 Bg4 7. Bxc6+ bxc6
8. h3 Bxf3 9. Qxf3 Nf6 10. O-O e6 11. Bg5 Be7 12. Rfe1 O-O 13. Qg3 Nh5 14. Qg4
Bxg5 15. Qxg5 Nf6 16. Qe3 Rac8 17. a3 Rfd8 18. Ne2 c5 19. dxc5 Qxc5 20. Qxc5
Rxc5 21. Nd4 Kf8 22. c3 Rb8 23. Rab1 a5 24. f3 a4 25. Nc2 Nh5 26. Nb4 Rb6 27.
Kf2 Ke7 28. Rbd1 Kd6 29. Nd3 Rc4 30. Re2 Nf4 31. Nxf4 Rxf4 32. g3 Rf5 33. g4
Re5 34. Rdd2 Rxe2+ 35. Kxe2 e5 36. Ke3 f6 37. f4 Kc5 38. fxe5 fxe5 39. Rf2 Kc4
40. Kd2 Rxb2+ 41. Ke1 Rxf2 42. Kxf2 Kxc3 0-1

[Event "Quebec op U1200"]
[Site "Laval CAN"]
[Date "2022.09.03"]
[Round "4.97"]
[White "Loevenich, Anna"]
[Black "Hou, Qian Qian"]
[Result "0-1"]
[WhiteElo "932"]
[BlackElo "1124"]
[PlyCount "46"]
[EventDate "2022.09.01"]
[EventType "swiss"]
[EventRounds "9"]
[EventCountry "CAN"]

1. Nf3 Nf6 2. g3 g6 3. Bg2 d5 4. d4 Bg7 5. O-O O-O 6. b3 c6 7. c4 b6 8. Ba3 Re8
9. Nc3 Ne4 10. Bb2 Ba6 11. Qd3 Nxc3 12. Bxc3 b5 13. c5 b4 14. Qc2 bxc3 15. Qxc3
Nd7 16. b4 Bxe2 17. Rfe1 Ba6 18. Rad1 Qc7 19. Qa3 Bb5 20. Qb3 a5 21. Ra1 e5 22.
dxe5 Nxe5 23. Rad1 axb4 0-1

[Event "Quebec op U1200"]
[Site "Laval CAN"]
[Date "2022.09.03"]
[Round "4.98"]
[White "Geillon-Barral, Roween"]
[Black "Desjardins, Nicolas"]
[Result "0-1"]
[WhiteElo "687"]
[BlackElo "1107"]
[PlyCount "74"]
[EventDate "2022.09.01"]
[EventType "swiss"]
[EventRounds "9"]
[EventCountry "CAN"]

1. e4 e5 2. Nf3 Nc6 3. Nc3 Nf6 4. Bb5 a6 5. Bc4 Bc5 6. d3 d6 7. Bg5 O-O 8. Qd2
Na5 9. b4 Nxc4 10. dxc4 Bxb4 11. O-O Nxe4 12. Qe2 Nxc3 13. Qd2 f6 14. Bh4 a5
15. a3 Ne4 16. Qe3 Bc3 17. Rad1 Bf5 18. a4 g5 19. Nxg5 fxg5 20. Bg3 Bd4 21. Qf3
Nc3 22. Rde1 Bxc2 23. Qg4 Qe7 24. Qh5 Nxa4 25. Rc1 Bg6 26. Qg4 Nc5 27. Rcd1 Ne4
28. Rde1 Nd2 29. Qf3 Nxf3+ 30. gxf3 Rxf3 31. Bh4 gxh4 32. c5 Bxc5 33. Rb1 Bxb1
34. Rxb1 Bxf2+ 35. Kh1 Qg5 36. Rf1 Be3 37. Rxf3 Qg1# 0-1

[Event "Quebec op U1200"]
[Site "Laval CAN"]
[Date "2022.09.04"]
[Round "5.86"]
[White "Nguyen, Danny"]
[Black "Chen, Baige"]
[Result "1/2-1/2"]
[WhiteElo "1165"]
[BlackElo "917"]
[PlyCount "99"]
[EventDate "2022.09.01"]
[EventType "swiss"]
[EventRounds "9"]
[EventCountry "CAN"]

1. e4 e5 2. Nf3 Nc6 3. Bc4 Bc5 4. c3 Nf6 5. d3 d6 6. a4 a6 7. O-O Be6 8. Nbd2
O-O 9. h3 h6 10. Bxe6 fxe6 11. b4 Bb6 12. Re1 Qd7 13. a5 Ba7 14. Nf1 Nh7 15.
Be3 Bxe3 16. Nxe3 Qe7 17. d4 exd4 18. Nxd4 Nxd4 19. cxd4 Qf6 20. Ng4 Qg6 21.
Rc1 Rac8 22. Qc2 h5 23. Nh2 Ng5 24. Re3 Rf4 25. f3 Nxh3+ 26. Kf1 Ng5 27. e5
Qxc2 28. Rxc2 Rxd4 29. Rb2 Nf7 30. exd6 Rxd6 31. Rbe2 Rd4 32. Rxe6 Rxb4 33.
Re8+ Rxe8 34. Rxe8+ Kh7 35. Re7 Nh6 36. Rxc7 Rb5 37. Kf2 Nf5 38. Rd7 Kg6 39. g4
hxg4 40. fxg4 Nh6 41. Kg3 Rxa5 42. Rxb7 Ra1 43. Rb6+ Kf7 44. Rb7+ Kf6 45. Rb6+
Kf7 46. Rb7+ Kg8 47. Nf3 Nf7 48. Rb8+ Kh7 49. Rb6 Ra3 50. Kf4 1/2-1/2

[Event "Quebec op U1200"]
[Site "Laval CAN"]
[Date "2022.09.04"]
[Round "5.88"]
[White "Schatz, Alexander"]
[Black "Claveau, Jean-Michel"]
[Result "1/2-1/2"]
[WhiteElo "957"]
[BlackElo "1152"]
[PlyCount "59"]
[EventDate "2022.09.01"]
[EventType "swiss"]
[EventRounds "9"]
[EventCountry "CAN"]

1. e4 d5 2. exd5 Qxd5 3. Nc3 Qa5 4. Bc4 e6 5. Nf3 Nf6 6. O-O Bd6 7. a3 O-O 8.
b4 Bxb4 9. Bb2 Bxc3 10. Bxc3 Qb6 11. Rb1 Qc5 12. Bd3 Qh5 13. Bxf6 gxf6 14. Rb4
Nc6 15. Rh4 Qa5 16. Bxh7+ Kg7 17. Qa1 e5 18. d4 Rh8 19. Qa2 Be6 20. c4 Rxh7 21.
Rxh7+ Kxh7 22. d5 Nd4 23. Nxd4 exd4 24. dxe6 fxe6 25. Qb1+ Kg7 26. Qxb7 Rd8 27.
Qf3 Qc3 28. Qg4+ Kf7 29. Qh5+ Kg7 30. Qg4+ 1/2-1/2

[Event "Quebec op U1200"]
[Site "Laval CAN"]
[Date "2022.09.04"]
[Round "5.90"]
[White "Bayder, Maria"]
[Black "Saillant, Christopher"]
[Result "1/2-1/2"]
[WhiteElo "1104"]
[BlackElo "1150"]
[PlyCount "112"]
[EventDate "2022.09.01"]
[EventType "swiss"]
[EventRounds "9"]
[EventCountry "CAN"]

1. e4 e5 2. Nf3 Nc6 3. c3 Nf6 4. d4 exd4 5. e5 Nd5 6. Qb3 Nb6 7. cxd4 Bb4+ 8.
Bd2 Bxd2+ 9. Nbxd2 O-O 10. Bd3 d6 11. O-O Be6 12. Qc2 dxe5 13. Nxe5 Nxd4 14.
Bxh7+ Kh8 15. Qd3 Qd5 16. Qe4 Qxe4 17. Bxe4 Rad8 18. Rad1 g6 19. b3 Kg7 20.
Ndf3 Ne2+ 21. Kh1 Rxd1 22. Rxd1 Nc3 23. Re1 Nxa2 24. Bxb7 Bxb3 25. Nc6 Bd5 26.
Nfd4 Nb4 27. Nxb4 Bxb7 28. Re7 c5 29. Rxb7 cxd4 30. Rxa7 Rd8 31. Nd3 Ra8 32.
Rxa8 Nxa8 33. f4 Kf6 34. g3 Kf5 35. Kg2 Ke4 36. Nb2 Ke3 37. h4 Ke2 38. g4 Nc7
39. h5 gxh5 40. gxh5 Ne6 41. Kg3 Ke3 42. f5 Nf8 43. Kg4 Nh7 44. Nc4+ Ke2 45.
Nb2 d3 46. Kf4 d2 47. Ke5 Ke3 48. Nd1+ Kf3 49. Kd6 Kg4 50. Ke7 Kxh5 51. Kxf7
Kg5 52. Ke6 Nf6 53. Nf2 Nh5 54. Ne4+ Kg4 55. Nxd2 Ng7+ 56. Ke5 Nxf5 1/2-1/2

[Event "Quebec op U1200"]
[Site "Laval CAN"]
[Date "2022.09.04"]
[Round "5.93"]
[White "Hong, Ethan"]
[Black "Zapata, Edgar"]
[Result "0-1"]
[WhiteElo "1022"]
[BlackElo "1125"]
[PlyCount "52"]
[EventDate "2022.09.01"]
[EventType "swiss"]
[EventRounds "9"]
[EventCountry "CAN"]

1. b4 d5 2. Bb2 Nf6 3. b5 Bf5 4. e3 e6 5. Nf3 h6 6. d4 Nbd7 7. Bd3 Ne4 8. O-O
Bd6 9. Nc3 Nb6 10. h3 Nc4 11. Bxc4 dxc4 12. Qe2 O-O 13. Nxe4 Bxe4 14. Ne5 c6
15. f3 Bh7 16. bxc6 bxc6 17. Qxc4 Rc8 18. Rfd1 Qg5 19. f4 Qg3 20. Nf3 Be4 21.
Rf1 Rb8 22. Bc3 Rfc8 23. Be1 Qg6 24. c3 Bd3 25. f5 Qxf5 26. Nd2 Qxf1+ 0-1

[Event "Quebec op U1200"]
[Site "Laval CAN"]
[Date "2022.09.04"]
[Round "5.94"]
[White "Hou, Qian Qian"]
[Black "Guo, Laura"]
[Result "1-0"]
[WhiteElo "1124"]
[BlackElo "704"]
[PlyCount "81"]
[EventDate "2022.09.01"]
[EventType "swiss"]
[EventRounds "9"]
[EventCountry "CAN"]

1. e4 c5 2. Nf3 d6 3. d4 cxd4 4. Nxd4 Nf6 5. Nc3 a6 6. Be2 e5 7. Nb3 Be6 8. Bg5
Nbd7 9. Qd2 Rc8 10. O-O-O Be7 11. Kb1 O-O 12. f4 Bxb3 13. axb3 Qc7 14. Bg4 Rfd8
15. Rhf1 h6 16. Bxf6 Nxf6 17. Bxc8 Qxc8 18. Qe2 b5 19. h3 Qb7 20. Nd5 Nxd5 21.
exd5 exf4 22. Rxf4 Re8 23. Re4 a5 24. Re1 Qxd5 25. Rxe7 Rxe7 26. Qxe7 Qe6 27.
Qe8+ Qxe8 28. Rxe8+ Kh7 29. Rb8 a4 30. Rxb5 axb3 31. Rxb3 g5 32. Rd3 f5 33. b4
Kg6 34. b5 g4 35. hxg4 fxg4 36. b6 Kg5 37. b7 Kh4 38. g3+ Kh3 39. b8=Q h5 40.
Qb7 h4 41. Qh1# 1-0

[Event "Quebec op U1200"]
[Site "Laval CAN"]
[Date "2022.09.04"]
[Round "5.97"]
[White "Kapsales, Christian"]
[Black "Pepin, Pierre-Luc"]
[Result "1-0"]
[WhiteElo "873"]
[BlackElo "1054"]
[PlyCount "58"]
[EventDate "2022.09.01"]
[EventType "swiss"]
[EventRounds "9"]
[EventCountry "CAN"]

1. e4 e5 2. Nf3 d6 3. Bc4 h6 4. Nc3 Nf6 5. d4 exd4 6. Nxd4 Nbd7 7. Be3 Nb6 8.
Bb3 c5 9. Nf3 c4 10. Bxb6 Qxb6 11. Ba4+ Bd7 12. Bxd7+ Nxd7 13. Rb1 g5 14. O-O
Bg7 15. Qd5 Rc8 16. Qf5 Qc5 17. Nd5 Rc6 18. Rfe1 Ne5 19. Nxe5 Bxe5 20. Nf6+
Bxf6 21. Qxf6 Qe5 22. Qf5 Qxf5 23. exf5+ Kd7 24. f3 h5 25. f6 Rh6 26. Re7+ Kc8
27. Rxf7 Rc7 28. Rf8+ Kd7 29. Re1 Rh7 {illisible White wins in 41 moves} 1-0

[Event "Quebec op U1200"]
[Site "Laval CAN"]
[Date "2022.09.04"]
[Round "5.100"]
[White "Geillon-Barral, Roween"]
[Black "Geillon, Christiane Nathalie"]
[Result "1-0"]
[WhiteElo "1076"]
[BlackElo "687"]
[PlyCount "43"]
[EventDate "2022.09.01"]
[EventType "swiss"]
[EventRounds "9"]
[EventCountry "CAN"]

1. e4 e5 2. Nf3 Nf6 3. Nxe5 Bb4 4. Nc3 Nc6 5. a3 Bd6 6. Nf3 O-O 7. Bc4 Bf4 8.
O-O d6 9. d4 Bg4 10. Bxf4 Nh5 11. Bg3 Qe8 12. h3 b6 13. hxg4 Nf6 14. Re1 Na5
15. Ba2 c5 16. g5 Nh5 17. Bh2 cxd4 18. Nxd4 Rd8 19. Qxh5 Qd7 20. Re3 Rde8 21.
g6 Rd8 22. Qxh7# 1-0

[Event "Quebec op U1200"]
[Site "Laval CAN"]
[Date "2022.09.04"]
[Round "6.87"]
[White "Forcier, Jeremie"]
[Black "Schatz, Alexander"]
[Result "0-1"]
[WhiteElo "1114"]
[BlackElo "957"]
[PlyCount "62"]
[EventDate "2022.09.01"]
[EventType "swiss"]
[EventRounds "9"]
[EventCountry "CAN"]

1. Nf3 Nf6 2. d4 d5 3. Bf4 Bf5 4. e3 c5 5. c3 e6 6. Bd3 Ne4 7. Bb5+ Nc6 8. Ne5
Qb6 9. Qb3 Rc8 10. Bxc6+ bxc6 11. Qxb6 axb6 12. O-O Bd6 13. Nd3 Bxf4 14. Nxf4
c4 15. f3 Nd6 16. a4 g5 17. Nh5 Bd3 18. Rd1 Nf5 19. Kf2 Ra8 20. b3 Bc2 21. Rc1
cxb3 22. Ra3 Ke7 23. Nd2 b5 24. a5 Rhb8 25. Nxb3 Bxb3 26. Rxb3 Rxa5 27. g4 Ra2+
28. Kg1 Nxe3 29. Re1 Nc4 30. f4 Nd2 31. Re2 Ra1+ 0-1

[Event "Quebec op U1200"]
[Site "Laval CAN"]
[Date "2022.09.04"]
[Round "6.89"]
[White "Claveau, Jean-Michel"]
[Black "Hou, Qian Qian"]
[Result "1-0"]
[WhiteElo "1152"]
[BlackElo "1124"]
[PlyCount "29"]
[EventDate "2022.09.01"]
[EventType "swiss"]
[EventRounds "9"]
[EventCountry "CAN"]

1. d4 Nf6 2. Bf4 e6 3. Nf3 b6 4. e3 Bb7 5. c3 c5 6. Nbd2 d5 7. Ne5 Nc6 8. Ndf3
Be7 9. Bb5 Rc8 10. Qa4 a6 11. Bxc6+ Rxc6 12. Nxc6 Qd7 13. Nfe5 Bxc6 14. Qxc6
Qxc6 15. Nxc6 1-0

[Event "Quebec op U1200"]
[Site "Laval CAN"]
[Date "2022.09.04"]
[Round "6.90"]
[White "Saillant, Christopher"]
[Black "Desjardins, Nicolas"]
[Result "1-0"]
[WhiteElo "1150"]
[BlackElo "1107"]
[PlyCount "95"]
[EventDate "2022.09.01"]
[EventType "swiss"]
[EventRounds "9"]
[EventCountry "CAN"]

1. e4 e6 2. Nf3 d5 3. exd5 exd5 4. d4 Nf6 5. Bd3 Be7 6. O-O O-O 7. Bf4 b6 8.
Nbd2 c5 9. c3 Nc6 10. Bb5 Bb7 11. Qa4 Qd7 12. Ne5 Qf5 13. Nxc6 Bxc6 14. Bxc6
Qxf4 15. Bxa8 Bd6 16. Nf3 Rxa8 17. b3 Ne4 18. dxc5 bxc5 19. Rfe1 Kf8 20. Qc6
Rd8 21. c4 Nd2 22. Qxd5 Nxf3+ 23. Qxf3 Qxh2+ 24. Kf1 Qh1+ 25. Ke2 Re8+ 26. Kd2
Qh6+ 27. Kc2 Qg6+ 28. Qd3 Qxd3+ 29. Kxd3 Be5 30. Rad1 Bd4 31. Rxe8+ Kxe8 32. f3
a5 33. Ke4 Kd7 34. a4 Kc6 35. Rh1 h6 36. g4 f6 37. Kf5 Kd6 38. Kg6 f5 39. Kxf5
Bf6 40. Rd1+ Kc6 41. Ke6 Bd4 42. f4 Kc7 43. Kd5 Be3 44. f5 Bd4 45. Rxd4 cxd4
46. Kxd4 Kd6 47. c5+ Kc6 48. Kc4 1-0

[Event "Quebec op U1200"]
[Site "Laval CAN"]
[Date "2022.09.04"]
[Round "6.91"]
[White "Bayder, Maria"]
[Black "Hasbun, Merick"]
[Result "0-1"]
[WhiteElo "1104"]
[BlackElo "1131"]
[PlyCount "90"]
[EventDate "2022.09.01"]
[EventType "swiss"]
[EventRounds "9"]
[EventCountry "CAN"]

1. e4 c6 2. d4 d5 3. exd5 cxd5 4. Nf3 Bf5 5. Nc3 e6 6. a3 Nf6 7. h3 Bd6 8. Bd3
Bxd3 9. Qxd3 O-O 10. Be3 a6 11. O-O-O b5 12. Ne2 Nbd7 13. Bf4 Bxf4+ 14. Nxf4
Qb8 15. g3 a5 16. b3 Qd6 17. Kb2 Ne4 18. Rdf1 b4 19. a4 Rfc8 20. h4 Rc3 21. Qe2
Rac8 22. Rc1 Ndf6 23. Ng5 e5 24. dxe5 Qxe5 25. f3 Re3+ 26. Kb1 Rxe2 27. Nxe2
Nd2+ 28. Ka2 Qxe2 29. Rhe1 Qf2 30. Re7 Rf8 31. Rce1 Nxf3 32. Nxf3 Qxf3 33. R1e3
Qd1 34. Re1 Qxc2+ 35. Ka1 Qxb3 36. R7e2 Qxa4+ 37. Ra2 Qb3 38. Rxa5 Qc3+ 39. Kb1
Qxe1+ 40. Kb2 Rc8 41. h5 h6 42. g4 Qc3+ 43. Ka2 Qc2+ 44. Ka1 Rc3 45. Rxd5 Ra3#
0-1

[Event "Quebec op U1200"]
[Site "Laval CAN"]
[Date "2022.09.04"]
[Round "6.92"]
[White "Zapata, Edgar"]
[Black "Kapsales, Christian"]
[Result "1-0"]
[WhiteElo "1125"]
[BlackElo "873"]
[PlyCount "69"]
[EventDate "2022.09.01"]
[EventType "swiss"]
[EventRounds "9"]
[EventCountry "CAN"]

1. c4 e5 2. Nc3 Nf6 3. g3 c6 4. Bg2 d5 5. cxd5 cxd5 6. Qb3 Nc6 7. Nxd5 Nxd5 8.
Bxd5 Qc7 9. Nf3 f6 10. e4 Na5 11. Qc3 Qxc3 12. dxc3 Bg4 13. Nd2 O-O-O 14. h3
Bd7 15. Nb3 Nc6 16. Be3 Kb8 17. O-O-O Be7 18. Nc5 Rhf8 19. Nxd7+ Rxd7 20. Bxc6
bxc6 21. Rxd7 Re8 22. Rxa7 Kc8 23. Ra8+ Kd7 24. Rxe8 Kxe8 25. Kd2 Kd7 26. Kd3
Kc7 27. Kc4 Kb7 28. Bc5 Bd8 29. b4 g6 30. b5 f5 31. a4 h5 32. Bd6 Bc7 33. bxc6+
Kxc6 34. Bxc7 Kxc7 35. Kd5 1-0

[Event "Quebec op U1200"]
[Site "Laval CAN"]
[Date "2022.09.04"]
[Round "6.96"]
[White "Guo, Laura"]
[Black "Geillon-Barral, Roween"]
[Result "0-1"]
[WhiteElo "704"]
[BlackElo "1076"]
[PlyCount "61"]
[EventDate "2022.09.01"]
[EventType "swiss"]
[EventRounds "9"]
[EventCountry "CAN"]

1. d4 d5 2. c4 dxc4 3. e3 Bf5 4. Bxc4 e6 5. Nf3 Nd7 6. O-O Ngf6 7. Nc3 a6 8.
Bd3 Bg6 9. b3 Be7 10. Bb2 O-O 11. Qd2 c5 12. Bxg6 hxg6 13. Rac1 Qc7 14. h3 Bd6
15. Rfe1 Nh7 16. Ne2 Qd8 17. Qc2 Rc8 18. Qb1 Ng5 19. Nxg5 Qxg5 20. e4 cxd4 21.
Bxd4 e5 22. Ba1 Bc5 23. Red1 Rfd8 24. b4 Bxf2+ 25. Kxf2 Rxc1 26. Rxc1 Nf6 27.
Nc3 Rd2+ 28. Ne2 Qf4+ 29. Ke1 Qe3 30. Rc8+ Kh7 31. Qd3 0-1

[Event "Quebec op U1200"]
[Site "Laval CAN"]
[Date "2022.09.05"]
[Round "7.87"]
[White "Schatz, Alexander"]
[Black "Chen, Baige"]
[Result "1-0"]
[WhiteElo "957"]
[BlackElo "917"]
[PlyCount "81"]
[EventDate "2022.09.01"]
[EventType "swiss"]
[EventRounds "9"]
[EventCountry "CAN"]

1. e4 e5 2. Nf3 Nc6 3. Bc4 Bc5 4. b4 Bxb4 5. c3 Ba5 6. d4 exd4 7. Qb3 Qf6 8.
O-O Nge7 9. cxd4 O-O 10. Bg5 Qd6 11. d5 Ne5 12. Bd2 Nxc4 13. Qxc4 Bxd2 14.
Nbxd2 c6 15. dxc6 dxc6 16. Rfd1 Qe6 17. Qc2 h6 18. Rab1 Rb8 19. Rb3 Rd8 20. Re1
Qf6 21. e5 Qg6 22. Qc5 Bh3 23. Nh4 Qg5 24. Ndf3 Qg4 25. Qxe7 Re8 26. Qa3 g5 27.
Rb4 Qd7 28. gxh3 gxh4 29. Rg4+ Kh7 30. Qb4 Rg8 31. Qe4+ Kh8 32. Qf4 Rxg4+ 33.
hxg4 Qe6 34. Nd4 Qg6 35. e6 Re8 36. Qf5 Kg7 37. Qxg6+ Kxg6 38. Kg2 fxe6 39.
Rxe6+ Rxe6 40. Nxe6 Kf6 41. Nd8 1-0

[Event "Quebec op U1200"]
[Site "Laval CAN"]
[Date "2022.09.05"]
[Round "7.88"]
[White "Claveau, Jean-Michel"]
[Black "Saillant, Christopher"]
[Result "0-1"]
[WhiteElo "1152"]
[BlackElo "1150"]
[PlyCount "70"]
[EventDate "2022.09.01"]
[EventType "swiss"]
[EventRounds "9"]
[EventCountry "CAN"]

1. d4 d5 2. Bf4 Bf5 3. Nf3 Nf6 4. Ne5 Nbd7 5. h3 e6 6. Nd2 Bd6 7. e3 O-O 8. g4
Bg6 9. Nxg6 fxg6 10. Bxd6 cxd6 11. Qe2 Qb6 12. Qb5 Qc7 13. O-O-O Rac8 14. Qd3
e5 15. c3 Qa5 16. Kb1 Rc6 17. Rc1 Rfc8 18. Bg2 e4 19. Qc2 Nb6 20. Nb3 Qb5 21.
Bf1 Nc4 22. Bxc4 Rxc4 23. Qe2 Qc6 24. Na5 Qa6 25. Nxc4 dxc4 26. Rhf1 Rc6 27. f4
Qa4 28. Qc2 Qa5 29. f5 g5 30. Qh2 Ra6 31. a3 Rb6 32. Rf2 Qxa3 33. Qg1 Nd5 34.
Rfc2 Nxc3+ 35. Rxc3 Rxb2# 0-1

[Event "Quebec op U1200"]
[Site "Laval CAN"]
[Date "2022.09.05"]
[Round "7.90"]
[White "Hasbun, Merick"]
[Black "Forcier, Jeremie"]
[Result "1-0"]
[WhiteElo "1131"]
[BlackElo "1114"]
[PlyCount "45"]
[EventDate "2022.09.01"]
[EventType "swiss"]
[EventRounds "9"]
[EventCountry "CAN"]

1. e4 d5 2. exd5 Nf6 3. Nf3 Nxd5 4. Be2 g6 5. O-O Bg7 6. d4 Nc6 7. c4 Nb6 8.
Be3 O-O 9. Nc3 Bg4 10. h3 Bxf3 11. Bxf3 Nxc4 12. Bxc6 bxc6 13. b3 Na3 14. Ne2
c5 15. Rc1 cxd4 16. Nxd4 Bxd4 17. Bxd4 Nb5 18. Bb2 Rc8 19. Qe2 Qd5 20. Qxe7 Qd6
21. Qh4 Qd2 22. Qf6 Rfd8 23. Qg7# 1-0

[Event "Quebec op U1200"]
[Site "Laval CAN"]
[Date "2022.09.05"]
[Round "7.92"]
[White "Savard, Alain"]
[Black "Arcand, Pierre"]
[Result "1-0"]
[WhiteElo "1063"]
[BlackElo "1182"]
[PlyCount "126"]
[EventDate "2022.09.01"]
[EventType "swiss"]
[EventRounds "9"]
[EventCountry "CAN"]

1. d4 d5 2. Bf4 e6 3. e3 a6 4. Nf3 h6 5. Nbd2 Nf6 6. h3 Bb4 7. c3 Be7 8. Bd3
Nc6 9. Qe2 Bd6 10. Ne5 Bd7 11. Nxc6 Bxc6 12. Bxd6 Qxd6 13. Nf3 Nd7 14. Rd1
O-O-O 15. O-O Nb6 16. b3 Rhf8 17. a4 Kd7 18. a5 Nc8 19. Ne5+ Ke7 20. b4 Na7 21.
Nxc6+ Qxc6 22. Rc1 Qe8 23. Rfe1 Kd7 24. e4 Kc8 25. exd5 Rxd5 26. Be4 Rd6 27.
Qf3 c6 28. d5 f5 29. Bxf5 Rxf5 30. Qxf5 cxd5 31. Qe5 Qe7 32. c4 dxc4 33. Rxc4+
Nc6 34. Rec1 Kd8 35. Qc5 Rd5 36. Qxe7+ Kxe7 37. Re4 Kf6 38. Rce1 e5 39. f4 exf4
40. Rxf4+ Kg6 41. Re6+ Kh7 42. Re8 Nd4 43. Kh2 Nf5 44. Rb8 Rb5 45. g4 Ne7 46.
Rf7 Nd5 47. Rbxb7 Rxb4 48. Rxg7+ Kh8 49. Rgd7 Rxb7 50. Rxb7 Kg8 51. Rd7 Nb4 52.
Rd6 Kg7 53. h4 Kh7 54. Kg3 Kg7 55. Kf3 Kh7 56. Ke4 Kg7 57. Kf5 Kh7 58. g5 hxg5
59. hxg5 Kg7 60. Rd7+ Kf8 61. Kf6 Nc6 62. g6 Ke8 63. Rd6 Nb4 1-0

[Event "Quebec op U1200"]
[Site "Laval CAN"]
[Date "2022.09.05"]
[Round "7.98"]
[White "Hong, Ethan"]
[Black "Pepin, Pierre-Luc"]
[Result "1/2-1/2"]
[WhiteElo "1022"]
[BlackElo "1054"]
[PlyCount "88"]
[EventDate "2022.09.01"]
[EventType "swiss"]
[EventRounds "9"]
[EventCountry "CAN"]

1. e4 e5 2. Nf3 d6 3. Nc3 Nf6 4. d3 Nc6 5. Bg5 h6 6. Bxf6 Qxf6 7. Be2 Be6 8.
Qd2 a6 9. O-O-O Nd4 10. Nxd4 exd4 11. Nd5 Bxd5 12. exd5 Qxf2 13. Rhe1 Be7 14.
Bf3 Qxd2+ 15. Kxd2 Kd7 16. Bg4+ Kd8 17. Rf1 Bf6 18. c3 dxc3+ 19. bxc3 Re8 20.
Bh5 Re7 21. Rde1 Kd7 22. Rxe7+ Kxe7 23. Re1+ Kf8 24. d4 Re8 25. Rb1 b6 26. Kd3
Bd8 27. Rf1 Re7 28. Kc4 f6 29. Kb4 Re4 30. Bf3 Re3 31. c4 a5+ 32. Kb5 Rd3 33.
Rd1 Rxd1 34. Bxd1 Be7 35. Kc6 Bd8 36. c5 Ke7 37. h4 dxc5 38. dxc5 bxc5 39. Kxc5
Kd7 40. h5 Be7+ 41. Kb5 Bb4 42. g4 Kd6 43. Bf3 Ke5 44. Kc6 Bd6 1/2-1/2

[Event "Quebec op U1200"]
[Site "Laval CAN"]
[Date "2022.09.05"]
[Round "7.100"]
[White "Nagnibedovsky, Elizabeth"]
[Black "Loevenich, Anna"]
[Result "0-1"]
[WhiteElo "732"]
[BlackElo "932"]
[PlyCount "124"]
[EventDate "2022.09.01"]
[EventType "swiss"]
[EventRounds "9"]
[EventCountry "CAN"]

1. e4 g6 2. d4 Bg7 3. Nf3 d6 4. Bd3 Nc6 5. Be3 Bg4 6. Nc3 e5 7. d5 Nd4 8. Be2
Qf6 9. Bxd4 exd4 10. Nb5 Qd8 11. Nbxd4 a6 12. O-O Qf6 13. Nb3 Qxb2 14. Rb1 Qf6
15. Nfd4 Bxe2 16. Qxe2 Qh4 17. Nf3 Qe7 18. Nfd4 Rb8 19. Rfe1 Bxd4 20. Nxd4 Nf6
21. e5 Nxd5 22. exd6 cxd6 23. Rb4 Qxe2 24. Rxe2+ Kd7 25. Rb3 Rhe8 26. c4 Rxe2
27. Nxe2 Ne7 28. Rd3 Rc8 29. Rd4 b6 30. h3 b5 31. cxb5 Rc2 32. Nf4 axb5 33. Rb4
Kc6 34. a4 bxa4 35. Rxa4 Nd5 36. Kf1 Nxf4 37. Rxf4 f5 38. Rh4 h5 39. g4 Rc4 40.
f3 d5 41. Ke2 fxg4 42. hxg4 hxg4 43. fxg4 Kc5 44. Rh6 Rxg4 45. Rh3 Re4+ 46. Kd3
Re5 47. Rg3 g5 48. Rg4 Kd6 49. Kd4 Rf5 50. Ke3 Ke5 51. Rb4 Rf4 52. Rb5 Re4+ 53.
Kd3 g4 54. Rb2 Kf4 55. Kd2 Kf3 56. Rb5 d4 57. Rf5+ Rf4 58. Rd5 g3 59. Rg5 Kf2
60. Kd1 g2 61. Rxg2+ Kxg2 62. Kd2 Rf3 0-1